The present-day ministry of Jesus Christ / (Record no. 4992)
[ view plain ]
| 000 -LEADER | |
|---|---|
| fixed length control field | 00837cam a2200277Ia 4500 |
| 001 - CONTROL NUMBER | |
| control field | 19379684 |
| 003 - CONTROL NUMBER IDENTIFIER | |
| control field | OCoLC |
| 005 - DATE AND TIME OF LATEST TRANSACTION | |
| control field | 20181219122724.0 |
| 008 - FIXED-LENGTH DATA ELEMENTS--GENERAL INFORMATION | |
| fixed length control field | 890317s1983 oku 000 0 eng d |
| 020 ## - INTERNATIONAL STANDARD BOOK NUMBER | |
| International Standard Book Number | 0892760141 |
| 020 ## - INTERNATIONAL STANDARD BOOK NUMBER | |
| International Standard Book Number | 9780892760145 |
| 035 ## - SYSTEM CONTROL NUMBER | |
| System control number | (OCoLC)19379684 |
| 040 ## - CATALOGING SOURCE | |
| Original cataloging agency | TLC |
| Language of cataloging | eng |
| Transcribing agency | TLC |
| Modifying agency | YDXCP |
| -- | OCLCG |
| -- | OCLCQ |
| -- | OCLCF |
| -- | OCLCQ |
| -- | BSC |
| 082 ## - DEWEY DECIMAL CLASSIFICATION NUMBER | |
| Classification number | 232.8 |
| Item number | H145P |
| 092 ## - LOCALLY ASSIGNED DEWEY CALL NUMBER (OCLC) | |
| Classification number | 232.8 |
| Item number | H1456p, 1983 |
| 100 1# - MAIN ENTRY--PERSONAL NAME | |
| Personal name | Hagin, Kenneth E., |
| Dates associated with a name | 1917- |
| 245 14 - TITLE STATEMENT | |
| Title | The present-day ministry of Jesus Christ / |
| Statement of responsibility, etc. | by Kenneth E. Hagin. |
| 250 ## - EDITION STATEMENT | |
| Edition statement | 2nd ed. |
| 260 ## - PUBLICATION, DISTRIBUTION, ETC. | |
| Place of publication, distribution, etc. | Tulsa, Okla. : |
| Name of publisher, distributor, etc. | Kenneth Hagin Ministries, |
| Date of publication, distribution, etc. | ©1983. |
| 300 ## - PHYSICAL DESCRIPTION | |
| Extent | 30 pages ; |
| Dimensions | 22 cm |
| 336 ## - CONTENT TYPE | |
| Content type term | text |
| Content type code | txt |
| Source | rdacontent |
| 337 ## - MEDIA TYPE | |
| Media type term | unmediated |
| Media type code | n |
| Source | rdamedia |
| 338 ## - CARRIER TYPE | |
| Carrier type term | volume |
| Carrier type code | nc |
| Source | rdacarrier |
| 600 00 - SUBJECT ADDED ENTRY--PERSONAL NAME | |
| Personal name | Jesus Christ |
| General subdivision | Person and offices. |
| 942 ## - ADDED ENTRY ELEMENTS (KOHA) | |
| Source of classification or shelving scheme | Dewey Decimal Classification |
| Koha item type | Books |
| Withdrawn status | Lost status | Source of classification or shelving scheme | Damaged status | Not for loan | Collection code | Home library | Current library | Shelving location | Date acquired | Cost, normal purchase price | Total Checkouts | Full call number | Barcode | Date last seen | Price effective from | Koha item type |
|---|---|---|---|---|---|---|---|---|---|---|---|---|---|---|---|---|
| Dewey Decimal Classification | Non-fiction | Harvest Mission College | Harvest Mission College | General Stacks | 19.12.2018 | 120.00 | 232.8 H145P | 005726 | 19.12.2018 | 19.12.2018 | Books |
